| 000 | 00440nam a2200157 i 4500 | ||
|---|---|---|---|
| 001 | 102262 | ||
| 003 | ES-MaACL | ||
| 005 | 20230906183054.0 | ||
| 007 | t| | ||
| 008 | 051107s1953 cu ||||1| spa d | ||
| 100 | 1 |
_aMenéndez, Aldo. _980282 |
|
| 245 | 1 | 0 |
_aPuerto inmóvil / _cAldo Menéndez. |
| 260 |
_aLa Habana : _b[s.n.], _c1953 ( _fImp. Ucar García) |
||
| 300 |
_a54 p. : _bil. ; _c20 cm. |
||
| 852 |
_aES-MaACL _j1988-F-13 _bR.36096 |
||
| 999 |
_c102262 _d102262 |
||